Nakladanie so stavebným odpadom v rámci Slovenskej republiky
Skúmanie vývoja drobného stavebného odpadu na Slovensku. Skúmanie aktuálnych trendov pri jeho nakladaní v zahraničí. Keďže ide o neoddeliteľnú súčasť komunálneho odpadu, je dôležité budovanie politík a kontrolných mechanizmov pri nakladaní s ním.
Na minha lista:
| Autor principal: | |
|---|---|
| Outros Autores: | |
| Formato: | Capítulo de Livro |
| Idioma: | eslovaco |
| Assuntos: | |
| Tags: |
Sem tags, seja o primeiro a adicionar uma tag!
|
MARC
| LEADER | 00000naa$a2200000$$$4500 | ||
|---|---|---|---|
| 001 | 0267857 | ||
| 005 | 20240502074212.7 | ||
| 041 | 0 | |a slo | |
| 044 | |a SK | ||
| 245 | 1 | 0 | |a Nakladanie so stavebným odpadom v rámci Slovenskej republiky |c Pavol Andrejovský, Roman Lacko |
| 520 | |a Skúmanie vývoja drobného stavebného odpadu na Slovensku. Skúmanie aktuálnych trendov pri jeho nakladaní v zahraničí. Keďže ide o neoddeliteľnú súčasť komunálneho odpadu, je dôležité budovanie politík a kontrolných mechanizmov pri nakladaní s ním. | ||
| 610 | 2 | 0 | |a regióny |
| 610 | 2 | 0 | |a rozdiely regionálne |
| 610 | 2 | 0 | |a stavebníctvo |
| 610 | 2 | 0 | |a odpad |
| 610 | 2 | 0 | |a odpad komunálny |
| 610 | 2 | 0 | |a Slovensko |
| 100 | 1 | |a Andrejovský, Pavol, 1975- | |
| 700 | 1 | |a Lacko, Roman, 1988- | |